000
00253nam a2200109 4500
008
160625b xxu||||| |||| 00| 0 eng d
100
_9
1168
_a
Palmer, P
245
_a
Creation
260
_a
USA
_b
David C.Cook
_c
1976
300
_a
Creation
942
_2
ddc
_c
BK
999
_c
950
_d
950